Hồ Chí Minh : Giải phóng dân tộc và đổi mới /
Salvato in:
| Autore principale: | |
|---|---|
| Natura: | Sách giấy |
| Lingua: | Vietnamese |
| Pubblicazione: |
Hà Nội :
Chính trị Quốc gia ,
1997
|
| Tags: |
Aggiungi Tag
Nessun Tag, puoi essere il primo ad aggiungerne! !
|
| Thư viện lưu trữ: | Thư viện Trường Đại học Đà Lạt |
|---|
| LEADER | 00595nam a2200241 4500 | ||
|---|---|---|---|
| 001 | DLU020010771 | ||
| 005 | ##12/3/1999 | ||
| 041 | # | # | |a vie |
| 082 | # | # | |a 923.1 |b MO-F |
| 090 | # | # | |a 923.1 |b MO-F |
| 100 | # | # | |a Motoo, Furuta |
| 245 | # | # | |a Hồ Chí Minh : |b Giải phóng dân tộc và đổi mới / |c Motoo Furuta |
| 260 | # | # | |a Hà Nội : |b Chính trị Quốc gia , |c 1997 |
| 300 | # | # | |a 229 tr.; |c 19 cm. |
| 992 | # | # | |a 12500 |
| 994 | # | # | |a DLU |
| 900 | # | # | |a False |
| 911 | # | # | |a Administrator |
| 925 | # | # | |a G |
| 926 | # | # | |a A |
| 927 | # | # | |a SH |
| 980 | # | # | |a Thư viện Trường Đại học Đà Lạt |